00661nam a22001577a 4500003000500000005001700005008004100022050002300063100002300086245020700109260004500316300004100361500005300402500002600455650002200481PILC20150605160108.0150605b xxu||||| |||| 00| 0 eng d aHA 31b.Al336 1992 aAlbino, Marvin D.  aStatistical data bank for the bureau of agricultural statistics crops, livestock, poultry and fishery statistics division /cMarvin D. Albino, Ma. Kristine V. Geronimo, Arlene R. Lazaro, Vilma Santiago. aManila :bDe La Salle University,c1992. a287 pages :billustrations ;c28 cm. aIncludes bibliographical references and indexes. aSpine : User's Manual aStatistical data.